Openings /
Đã lưu trong:
| Hovedforfatter: | |
|---|---|
| Format: | Bog |
| Udgivet: |
LD. :
Bell&Hyman,
1982.
|
| Fag: | |
| Tags: |
Tilføj Tag
Ingen Tags, Vær først til at tagge denne postø!
|
| Thư viện lưu trữ: | Mạng thư viện Đại học Đà Nẵng |
|---|
| LEADER | 00793nam a22002531a 4500 | ||
|---|---|---|---|
| 001 | 000040580 | ||
| 003 | 16875 | ||
| 005 | 20220721101228.0 | ||
| 008 | 160412s1982 000 | ||
| 082 | |a 808 |b BL-R | ||
| 100 | |a Blatchford, Roy | ||
| 245 | 0 | |a Openings / |c Blatchford. | |
| 260 | |a LD. : |b Bell&Hyman, |c 1982. | ||
| 300 | |a 123tr ; |c 20cm. | ||
| 653 | |a Openings | ||
| OWN | |a LNN | ||
| AVA | |a UDN50 |b LNN |c English |d 808BL-R |e available |t Error 5001 Not defined in file expand_doc_bib_avail. |f 1 |g 0 |h N |i 0 |j AN | ||
| 999 | |a From the UDN01 | ||
| AVA | |a UDN50 |b LNN |c English |d 808BL-R |e available |t Error 5001 Not defined in file expand_doc_bib_avail. |f 1 |g 0 |h N |i 0 |j AN | ||
| TYP | |a Monograph | ||
| 980 | |a Mạng thư viện Đại học Đà Nẵng | ||